[Event "HUN-chT2 Szechenyi 1819"]
[Site "Hungary"]
[Date "2019.01.27"]
[Round "4.6"]
[White "Zsiros, Gyorgy"]
[Black "Nemeth, Jozsef"]
[Result "1-0"]
[WhiteElo "1995"]
[BlackElo "1983"]
[PlyCount "107"]
[EventDate "2018.10.28"]
[EventType "team-tourn"]
[EventRounds "9"]
[EventCountry "HUN"]
[SourceTitle "EXT 2021"]
[Source "ChessBase"]
[SourceDate "2020.10.23"]
[SourceVersion "1"]
[SourceVersionDate "2020.10.23"]
[SourceQuality "1"]
[WhiteTeam "Sarvar"]
[BlackTeam "Csuti Baki Agrocentrum"]
[WhiteTeamCountry "HUN"]
[BlackTeamCountry "HUN"]

1. e4 c5 2. Nf3 e6 3. d4 cxd4 4. Nxd4 Nc6 5. Be3 Nf6 6. Bd3 d6 7. c3 e5 8. Nf3 Be7 9. h3 0-0 10. Nbd2 d5 11. Qc2 Be6 12. Ng5 d4 13. Nxe6 fxe6 14. Bg5 h6 15. Bxf6 Rxf6 16. 0-0 Rc8 17. cxd4 Nb4 18. Qb3 Nxd3 19. Qxd3 Qxd4 20. Qxd4 exd4 21. Rac1 Rff8 22. Nf3 Bc5 23. Rfd1 Bb6 24. Kf1 Rxc1 25. Rxc1 Rd8 26. b4 Kf7 27. a4 a5 28. bxa5 Bxa5 29. Rc5 b6 30. Rc7+ Kf8 31. Ke2 d3+ 32. Kd1 Rd6 33. Ne5 g5 34. Rd7 Rxd7 35. Nxd7+ Ke7 36. Ne5 d2 37. Nc4 Kd7 38. Nxa5 bxa5 39. Kxd2 Kd6 40. Kd3 Kc5 41. Kc3 h5 42. g3 e5 43. h4 g4 44. Kd3 Kb4 45. f3 gxf3 46. g4 hxg4 47. h5 g3 48. Ke3 f2 49. Ke2 Kxa4 50. h6 Kb3 51. h7 a4 52. h8Q a3 53. Qxe5 a2 54. Qa1 1-0

[Event "HUN-chT2 Szechenyi 1718"]
[Site "Hungary"]
[Date "2018.03.25"]
[Round "8.3"]
[White "Presznyak, Istvan"]
[Black "Zsiros, Gyorgy"]
[Result "1-0"]
[WhiteElo "2041"]
[BlackElo "1970"]
[PlyCount "57"]
[EventDate "2017.10.29"]
[EventType "team-tourn"]
[EventRounds "9"]
[EventCountry "HUN"]
[SourceTitle "EXT 2021"]
[Source "ChessBase"]
[SourceDate "2020.10.23"]
[SourceVersion "1"]
[SourceVersionDate "2020.10.23"]
[SourceQuality "1"]
[WhiteTeam "Tapolca VSE II"]
[BlackTeam "Sarvar"]
[WhiteTeamCountry "HUN"]
[BlackTeamCountry "HUN"]

1. e4 c5 2. Nf3 Nc6 3. c4 g6 4. d4 cxd4 5. Nxd4 Bg7 6. Be3 Nf6 7. Nc3 0-0 8. Be2 d6 9. Qd2 Bd7 10. f3 a6 11. 0-0 Rc8 12. Rfc1 h5 13. b3 Kh7 14. a3 Qa5 15. b4 Qe5 16. Nb3 h4 17. b5 Nb8 18. f4 Nxe4 19. fxe5 Nxd2 20. Nxd2 Bxe5 21. bxa6 bxa6 22. Rab1 d5 23. Nxd5 Nc6 24. Rb7 Rfd8 25. Nf3 Bd6 26. Nb6 Rc7 27. Rxc7 Bxc7 28. Rd1 Be6 29. Ng5+ 1-0

[Event "HUN-chT2 Szechenyi 1718"]
[Site "Hungary"]
[Date "2017.12.03"]
[Round "3.2"]
[White "Bardossi, Jeno"]
[Black "Zsiros, Gyorgy"]
[Result "0-1"]
[WhiteElo "2083"]
[BlackElo "1970"]
[PlyCount "36"]
[EventDate "2017.10.29"]
[EventType "team-tourn"]
[EventRounds "9"]
[EventCountry "HUN"]
[SourceTitle "EXT 2021"]
[Source "ChessBase"]
[SourceDate "2020.10.23"]
[SourceVersion "1"]
[SourceVersionDate "2020.10.23"]
[SourceQuality "1"]
[WhiteTeam "Csuti Baki Agrocentrum"]
[BlackTeam "Sarvar"]
[WhiteTeamCountry "HUN"]
[BlackTeamCountry "HUN"]

1. e4 c5 2. Nf3 Nc6 3. Bb5 g6 4. 0-0 Bg7 5. Re1 d5 6. Bxc6+ bxc6 7. e5 Bg4 8. h3 Bxf3 9. Qxf3 f6 10. e6 f5 11. g4 Nf6 12. gxf5 0-0 13. Qe2 Nh5 14. fxg6 hxg6 15. Qg4 Rf6 16. d3 Qd6 17. Bg5 Rxf2 18. Kxf2 Qh2+ 0-1

[Event "HUN-chT2 Szechenyi 1718"]
[Site "Hungary"]
[Date "2017.10.29"]
[Round "1.4"]
[White "Zsiros, Gyorgy"]
[Black "Barasits, Balint"]
[Result "1/2-1/2"]
[WhiteElo "1970"]
[BlackElo "1944"]
[PlyCount "40"]
[EventDate "2017.10.29"]
[EventType "team-tourn"]
[EventRounds "9"]
[EventCountry "HUN"]
[SourceTitle "EXT 2021"]
[Source "ChessBase"]
[SourceDate "2020.10.23"]
[SourceVersion "1"]
[SourceVersionDate "2020.10.23"]
[SourceQuality "1"]
[WhiteTeam "Sarvar"]
[BlackTeam "Arboretum"]
[WhiteTeamCountry "HUN"]
[BlackTeamCountry "HUN"]

1. e4 e5 2. Nf3 Nf6 3. Nxe5 d6 4. Nf3 Nxe4 5. d4 d5 6. h3 Be7 7. Bd3 0-0 8. 0-0 Nc6 9. Nbd2 Nxd2 10. Bxd2 Nb4 11. Bxb4 Bxb4 12. c3 Bd6 13. Re1 Qf6 14. Ne5 Qg5 15. Qf3 Be6 16. Re3 f6 17. Ng6 Rfe8 18. Rae1 hxg6 19. Rxe6 Rxe6 20. Rxe6 Kf7 1/2-1/2

[Event "HUN-chT2 Szechenyi 1617"]
[Site "Hungary"]
[Date "2017.01.29"]
[Round "7.3"]
[White "Zsiros, Gyorgy"]
[Black "Kiss, Csaba"]
[Result "0-1"]
[WhiteElo "1996"]
[BlackElo "1834"]
[PlyCount "38"]
[EventDate "2016.09.25"]
[EventType "team-tourn"]
[EventRounds "11"]
[EventCountry "HUN"]
[SourceTitle "EXT 2021"]
[Source "ChessBase"]
[SourceDate "2020.10.23"]
[SourceVersion "1"]
[SourceVersionDate "2020.10.23"]
[SourceQuality "1"]
[WhiteTeam "Sarvar"]
[BlackTeam "Papa"]
[WhiteTeamCountry "HUN"]
[BlackTeamCountry "HUN"]

1. e4 e5 2. Nf3 Nc6 3. d4 exd4 4. Bc4 Be7 5. c3 d6 6. Qb3 Ne5 7. Nxe5 dxe5 8. Bxf7+ Kf8 9. f4 Bf6 10. fxe5 Bxe5 11. Bxg8 Qh4+ 12. Kd1 Bg4+ 13. Kc2 d3+ 14. Kxd3 Rd8+ 15. Bd5 Qf2 16. Qc2 Rxd5+ 17. exd5 Bf5+ 18. Kc4 Bxc2 19. Bg5 Qe2+ 0-1

[Event "HUN-chT2 Szechenyi 1617"]
[Site "Hungary"]
[Date "2016.11.13"]
[Round "4.3"]
[White "Gaal, Ede"]
[Black "Zsiros, Gyorgy"]
[Result "1-0"]
[WhiteElo "2061"]
[BlackElo "1996"]
[PlyCount "67"]
[EventDate "2016.09.25"]
[EventType "team-tourn"]
[EventRounds "11"]
[EventCountry "HUN"]
[SourceTitle "EXT 2021"]
[Source "ChessBase"]
[SourceDate "2020.10.23"]
[SourceVersion "1"]
[SourceVersionDate "2020.10.23"]
[SourceQuality "1"]
[WhiteTeam "Haladas Szombathely III"]
[BlackTeam "Sarvar"]
[WhiteTeamCountry "HUN"]
[BlackTeamCountry "HUN"]

1. e4 c5 2. Nf3 Nc6 3. Bb5 g6 4. 0-0 Bg7 5. Re1 d6 6. Bxc6+ bxc6 7. e5 d5 8. d3 Bg4 9. h3 Bxf3 10. Qxf3 Qb8 11. Qe2 Nh6 12. b3 0-0 13. Ba3 Qb6 14. Nc3 Nf5 15. Na4 Nd4 16. Qd2 Qc7 17. f4 f6 18. c3 Nb5 19. Bxc5 fxe5 20. fxe5 Bxe5 21. d4 Bh2+ 22. Kh1 Bd6 23. c4 Bxc5 24. Nxc5 Nd6 25. Ne6 Qd7 26. Nxf8 Rxf8 27. cxd5 cxd5 28. Rf1 Nf5 29. Rf3 Qd6 30. Qf2 Rc8 31. Rf1 e6 32. g4 Nh6 33. Qh4 Rc2 34. Rf8+ 1-0

[Event "HUN-chT2 Szechenyi 1617"]
[Site "Hungary"]
[Date "2016.10.09"]
[Round "2.4"]
[White "Zsiros, Gyorgy"]
[Black "Tamas, Gyorgy"]
[Result "1-0"]
[WhiteElo "1996"]
[BlackElo "2014"]
[PlyCount "99"]
[EventDate "2016.09.25"]
[EventType "team-tourn"]
[EventRounds "11"]
[EventCountry "HUN"]
[SourceTitle "EXT 2021"]
[Source "ChessBase"]
[SourceDate "2020.10.23"]
[SourceVersion "1"]
[SourceVersionDate "2020.10.23"]
[SourceQuality "1"]
[WhiteTeam "Sarvar"]
[BlackTeam "Keszthely Spartacus"]
[WhiteTeamCountry "HUN"]
[BlackTeamCountry "HUN"]

1. e4 c5 2. Nf3 d6 3. d4 cxd4 4. Nxd4 Nf6 5. Nc3 a6 6. f4 Qc7 7. Be3 e6 8. Bd3 Nc6 9. Qf3 Be7 10. h3 Bd7 11. g4 Nxd4 12. Bxd4 e5 13. Be3 Bc6 14. g5 Nd7 15. f5 b5 16. a3 Bb7 17. Rg1 Bd8 18. 0-0-0 Qa5 19. Bd2 Qc7 20. h4 Nb6 21. Be3 Rc8 22. Qe2 Be7 23. f6 gxf6 24. gxf6 Bf8 25. Rg3 Nc4 26. Bxc4 Qxc4 27. Qxc4 Rxc4 28. Rdg1 Kd7 29. Rg8 Rxg8 30. Rxg8 Rc8 31. Kd1 Ke6 32. Nd5 h6 33. Nb6 Rb8 34. Nd5 Rc8 35. a4 bxa4 36. Nb6 Rb8 37. Nxa4 Rc8 38. Nb6 Rb8 39. Nd5 Bxd5 40. exd5+ Kxf6 41. Bxh6 Ke7 42. Rh8 f6 43. Rh7+ Ke8 44. Bxf8 Rb5 45. c4 Rb4 46. Bxd6 Rxc4 47. h5 Rd4+ 48. Ke2 Rxd5 49. h6 Rxd6 50. Ra7 1-0

[Event "HUN-chT2 Szechenyi 1617"]
[Site "Hungary"]
[Date "2016.09.25"]
[Round "1"]
[White "Szabo, Benjamin"]
[Black "Zsiros, Gyorgy"]
[Result "1/2-1/2"]
[WhiteElo "2023"]
[BlackElo "1996"]
[PlyCount "86"]
[EventDate "2016.09.25"]
[EventType "team-tourn"]
[EventRounds "11"]
[EventCountry "HUN"]
[SourceTitle "EXT 2021"]
[Source "ChessBase"]
[SourceDate "2020.10.23"]
[SourceVersion "1"]
[SourceVersionDate "2020.10.23"]
[SourceQuality "1"]
[WhiteTeam "Tapolca VSE II"]
[BlackTeam "Sarvar"]
[WhiteTeamCountry "HUN"]
[BlackTeamCountry "HUN"]

1. d4 f5 2. Nf3 Nf6 3. g3 g6 4. Bg2 Bg7 5. 0-0 0-0 6. c4 d6 7. Nc3 Qe8 8. b3 e5 9. dxe5 dxe5 10. e4 c6 11. Re1 Nbd7 12. Ba3 Nxe4 13. Nxe4 fxe4 14. Ng5 e3 15. fxe3 Rf5 16. Ne4 Rh5 17. Bf3 Rh6 18. Nd6 Qf8 19. Nxc8 Qxa3 20. Qxd7 e4 21. Qe8+ Qf8 22. Qxf8+ Kxf8 23. Bg4 Bxa1 24. Rxa1 g5 25. Rd1 Rf6 26. Rd8+ Kg7 27. Rd7+ Rf7 28. Rxf7+ Kxf7 29. Nd6+ Kf6 30. Nxb7 a5 31. a4 Ke5 32. Kf2 h6 33. Bd7 Ra6 34. Nxa5 Rxa5 35. Bxc6 Ra6 36. Bb5 Rd6 37. a5 Rd2+ 38. Kf1 Kd6 39. a6 Kc7 40. c5 Rb2 41. Bc4 Kc6 42. Bf7 Kxc5 43. Kg1 Kb6 1/2-1/2

[Event "HUN-chT2 Szechenyi 1516"]
[Site "Hungary"]
[Date "2016.02.14"]
[Round "7.6"]
[White "Zsiros, Gyorgy"]
[Black "Gaal, Ede"]
[Result "0-1"]
[WhiteElo "1998"]
[BlackElo "2030"]
[PlyCount "76"]
[EventDate "2015.09.13"]
[EventType "team-tourn"]
[EventRounds "11"]
[EventCountry "HUN"]
[SourceTitle "EXT 2017"]
[Source "ChessBase"]
[SourceDate "2016.10.25"]
[SourceVersion "1"]
[SourceVersionDate "2016.10.25"]
[SourceQuality "1"]
[WhiteTeam "Sarvar"]
[BlackTeam "HVSE Infraplan"]
[WhiteTeamCountry "HUN"]
[BlackTeamCountry "HUN"]

1. e4 c5 2. Nf3 e6 3. d4 cxd4 4. Nxd4 Nf6 5. Bd3 Nc6 6. Be3 d5 7. Nd2 e5 8. N4f3 Be7 9. h3 h6 10. exd5 Nxd5 11. Nc4 0-0 12. 0-0 Be6 13. c3 Qc7 14. Qc2 Ndb4 15. cxb4 Nxb4 16. Qc3 Nxd3 17. Qxd3 Rfd8 18. Qe4 Qxc4 19. Qxb7 Bf6 20. b3 Qc2 21. Rfc1 Qg6 22. Rc5 Rab8 23. Qxa7 Bxh3 24. g3 Qe4 25. Kh2 Be6 26. Nd2 Qg4 27. Rac1 Ra8 28. Qb7 Rxa2 29. Ne4 Qh5+ 30. Kg1 Rd1+ 31. Rxd1 Qxd1+ 32. Kg2 Ra1 33. Nxf6+ gxf6 34. Rc8+ Kg7 35. Bxh6+ Kxh6 36. Rh8+ Kg7 37. Rh7+ Kxh7 38. Qe4+ Kg7 0-1

[Event "HUN-chT2 Toth 1213"]
[Site "Hungary"]
[Date "2013.03.24"]
[Round "9.6"]
[White "Zsiros, Gyorgy"]
[Black "Toth, Kazmer"]
[Result "0-1"]
[WhiteElo "1978"]
[BlackElo "1963"]
[PlyCount "104"]
[EventDate "2012.09.16"]
[EventType "team-tourn"]
[EventRounds "11"]
[EventCountry "HUN"]
[SourceTitle "EXT 2014"]
[Source "ChessBase"]
[SourceDate "2013.11.20"]
[SourceVersion "1"]
[SourceVersionDate "2013.11.20"]
[SourceQuality "1"]
[WhiteTeam "Mezobereny"]
[BlackTeam "Felegyhaza Csongrad"]
[WhiteTeamCountry "HUN"]
[BlackTeamCountry "HUN"]

1. e4 d6 2. d4 Nf6 3. Nc3 c6 4. f3 g6 5. Be3 Bg7 6. Qd2 b5 7. a3 Nbd7 8. Bh6 0-0 9. h4 Re8 10. h5 Bxh6 11. Qxh6 e5 12. hxg6 fxg6 13. d5 cxd5 14. Nxd5 a6 15. 0-0-0 Nf8 16. Nh3 Ra7 17. Ng5 Nxd5 18. exd5 Rc7 19. Bd3 Qf6 20. Ne4 Qe7 21. g4 Rd8 22. g5 Nd7 23. Nxd6 Nc5 24. Bxg6 Rxd6 25. Bf7+ Qxf7 26. Qxd6 Bf5 27. Rh2 Nb3+ 28. Kb1 Nd4 29. g6 Bxg6 30. Rg1 Rc8 31. Rf2 Qf5 32. Qxa6 Nxc2 33. Ka2 b4 34. Rg5 b3+ 35. Kxb3 Rb8+ 36. Ka2 Qxg5 37. Qe6+ Kh8 38. Rg2 Nd4 39. Rxg5 Nxe6 40. dxe6 Kg7 41. Rxe5 Kf6 42. Rc5 Kxe6 43. b4 Kd6 44. Rg5 Re8 45. Rg2 Re3 46. Rd2+ Kc6 47. f4 Rf3 48. a4 Bf7+ 49. Kb2 Rb3+ 50. Kc1 Rxb4 51. f5 Rxa4 52. Rc2+ Rc4 0-1

[Event "HUN-chT2 Toth 1213"]
[Site "Hungary"]
[Date "2012.11.18"]
[Round "4.4"]
[White "Miklos, Csaba"]
[Black "Zsiros, Gyorgy"]
[Result "0-1"]
[WhiteElo "2067"]
[BlackElo "1978"]
[PlyCount "68"]
[EventDate "2012.09.16"]
[EventType "team-tourn"]
[EventRounds "11"]
[EventCountry "HUN"]
[SourceTitle "EXT 2014"]
[Source "ChessBase"]
[SourceDate "2013.11.20"]
[SourceVersion "1"]
[SourceVersionDate "2013.11.20"]
[SourceQuality "1"]
[WhiteTeam "Takisz"]
[BlackTeam "Mezobereny"]
[WhiteTeamCountry "HUN"]
[BlackTeamCountry "HUN"]

1. Nf3 f5 2. c4 Nf6 3. Nc3 g6 4. g3 Bg7 5. Bg2 0-0 6. d4 d6 7. 0-0 Qe8 8. Qc2 e5 9. dxe5 dxe5 10. Nd5 Na6 11. Bg5 Nxd5 12. cxd5 f4 13. gxf4 h6 14. Bxh6 Bxh6 15. fxe5 Bf5 16. Qc4 Bg7 17. d6+ Be6 18. Qh4 Qd7 19. Rad1 c6 20. Qg3 Bf5 21. Nh4 Rae8 22. f4 Qe6 23. Rd2 Nc5 24. b4 Nd7 25. Nf3 Qc4 26. a3 Qc3 27. Ra2 Qe3+ 28. Kh1 Be6 29. Raa1 Qxf4 30. Qxf4 Rxf4 31. b5 Bd5 32. bxc6 Bxc6 33. Ng5 Bxg2+ 34. Kxg2 Rg4+ 0-1

[Event "HUN-chT2 Toth 1112"]
[Site "Hungary"]
[Date "2012.05.20"]
[Round "11.6"]
[White "Molnar, Gabor"]
[Black "Zsiros, Gyorgy"]
[Result "1/2-1/2"]
[WhiteElo "1955"]
[BlackElo "1969"]
[PlyCount "21"]
[EventDate "2011.09.25"]
[EventType "team-tourn"]
[EventRounds "11"]
[EventCountry "HUN"]
[SourceTitle "EXT 2013"]
[Source "ChessBase"]
[SourceDate "2012.11.22"]
[SourceVersion "1"]
[SourceVersionDate "2012.11.22"]
[SourceQuality "1"]
[WhiteTeam "Keviterv"]
[BlackTeam "Mezobereny"]
[WhiteTeamCountry "HUN"]
[BlackTeamCountry "HUN"]

1. d4 f5 2. c4 Nf6 3. Nc3 g6 4. e3 Bg7 5. Bd3 0-0 6. f4 c5 7. d5 e5 8. dxe6 dxe6 9. Nf3 Nc6 10. 0-0 a6 11. a3 1/2-1/2

[Event "HUN-chT2 Toth 1112"]
[Site "Hungary"]
[Date "2012.02.19"]
[Round "6.5"]
[White "Zsiros, Gyorgy"]
[Black "Tamas, Kornel"]
[Result "1/2-1/2"]
[WhiteElo "1969"]
[BlackElo "1953"]
[PlyCount "39"]
[EventDate "2011.09.25"]
[EventType "team-tourn"]
[EventRounds "11"]
[EventCountry "HUN"]
[SourceTitle "EXT 2013"]
[Source "ChessBase"]
[SourceDate "2012.11.22"]
[SourceVersion "1"]
[SourceVersionDate "2012.11.22"]
[SourceQuality "1"]
[WhiteTeam "Mezobereny"]
[BlackTeam "Gyula"]
[WhiteTeamCountry "HUN"]
[BlackTeamCountry "HUN"]

1. e4 e6 2. Nc3 d5 3. Nf3 dxe4 4. Nxe4 Nd7 5. Bc4 Be7 6. Qe2 h6 7. d4 Ngf6 8. c3 Nxe4 9. Qxe4 Nf6 10. Qc2 0-0 11. Be3 b6 12. 0-0-0 Bb7 13. Ne5 Nd5 14. Rhg1 Bg5 15. Bxd5 Bxe3+ 16. fxe3 Qxd5 17. g4 Qe4 18. Qf2 f6 19. Nc4 a5 20. Nd2 1/2-1/2

[Event "HUN-chT2 Toth 1112"]
[Site "Hungary"]
[Date "2011.11.27"]
[Round "4.5"]
[White "Zsiros, Gyorgy"]
[Black "Petro, Jozsef"]
[Result "0-1"]
[WhiteElo "1969"]
[BlackElo "2054"]
[PlyCount "84"]
[EventDate "2011.09.25"]
[EventType "team-tourn"]
[EventRounds "11"]
[EventCountry "HUN"]
[SourceTitle "EXT 2013"]
[Source "ChessBase"]
[SourceDate "2012.11.22"]
[SourceVersion "1"]
[SourceVersionDate "2012.11.22"]
[SourceQuality "1"]
[WhiteTeam "Mezobereny"]
[BlackTeam "Bekes"]
[WhiteTeamCountry "HUN"]
[BlackTeamCountry "HUN"]

1. e4 c6 2. Nc3 g6 3. d4 d5 4. Nf3 Bg7 5. h3 dxe4 6. Nxe4 Bf5 7. Ng3 Be6 8. Be3 Nf6 9. Be2 Na6 10. 0-0 Nc7 11. c4 0-0 12. Qd2 Re8 13. Bh6 Bh8 14. Ne5 Nd7 15. f4 f5 16. Qe3 Bf6 17. Rad1 Kh8 18. d5 cxd5 19. cxd5 Bg8 20. Qf3 Nxe5 21. fxe5 Bxe5 22. Nxf5 gxf5 23. Qxf5 Qd6 24. Qh5 Rad8 25. Bd3 Bf6 26. Rf5 Nxd5 27. Rdf1 Ne3 28. Bxe3 Qxd3 29. R1f3 Bd4 30. Re5 Bxe3+ 31. Rfxe3 Qd1+ 32. Qxd1 Rxd1+ 33. Kf2 e6 34. Rc3 Rd2+ 35. Re2 Rxe2+ 36. Kxe2 Re7 37. Ke3 e5 38. a4 Bd5 39. g4 Bc6 40. a5 Rf7 41. Ke2 a6 42. Re3 e4 0-1

[Event "HUN-chT2 Toth 1112"]
[Site "Hungary"]
[Date "2011.10.30"]
[Round "2.5"]
[White "Zsiros, Gyorgy"]
[Black "Berecz, Arpad"]
[Result "0-1"]
[WhiteElo "1969"]
[BlackElo "2042"]
[PlyCount "56"]
[EventDate "2011.09.25"]
[EventType "team-tourn"]
[EventRounds "11"]
[EventCountry "HUN"]
[SourceTitle "EXT 2013"]
[Source "ChessBase"]
[SourceDate "2012.11.22"]
[SourceVersion "1"]
[SourceVersionDate "2012.11.22"]
[SourceQuality "1"]
[WhiteTeam "Mezobereny"]
[BlackTeam "Maroczy II"]
[WhiteTeamCountry "HUN"]
[BlackTeamCountry "HUN"]

1. e4 e5 2. Nf3 Nc6 3. d4 exd4 4. Bc4 Nf6 5. 0-0 Bc5 6. e5 d5 7. exf6 dxc4 8. fxg7 Rg8 9. Re1+ Be6 10. Ng5 Qd5 11. Nc3 Qf5 12. Nce4 Bb6 13. Qh5 0-0-0 14. g4 Qxg4+ 15. Qxg4 Bxg4 16. Nf6 Bf5 17. Nxg8 Rxg8 18. Bd2 Rxg7 19. Kh1 Bxc2 20. Ne4 Ne5 21. Nf6 Rg6 22. Rxe5 Rxf6 23. Rae1 Ba4 24. Bg5 Rxf2 25. Rd5 c5 26. Kg1 Rxb2 27. Re7 Bc6 28. Rf5 Bd8 0-1

[Event "HUN-chT2 Toth 1011"]
[Site "Hungary"]
[Date "2011.04.10"]
[Round "8.3"]
[White "Zsiros, Gyorgy"]
[Black "Antos, Zoltan"]
[Result "0-1"]
[WhiteElo "1958"]
[BlackElo "2003"]
[PlyCount "64"]
[EventDate "2010.09.12"]
[EventType "team-tourn"]
[EventRounds "11"]
[EventCountry "HUN"]
[SourceTitle "EXT 2012"]
[Source "ChessBase"]
[SourceDate "2011.11.24"]
[SourceVersion "1"]
[SourceVersionDate "2011.11.24"]
[SourceQuality "1"]
[WhiteTeam "Mezobereny"]
[BlackTeam "Nadudvar"]
[WhiteTeamCountry "HUN"]
[BlackTeamCountry "HUN"]

1. e4 c5 2. Nf3 e6 3. d4 cxd4 4. Nxd4 a6 5. c4 Nf6 6. Nc3 d6 7. Be3 Nbd7 8. Be2 Qc7 9. 0-0 b6 10. a4 Bb7 11. Qc2 g6 12. a5 bxa5 13. Nb3 a4 14. Rxa4 Nc5 15. Bxc5 dxc5 16. Na5 Nd7 17. Nxb7 Qxb7 18. f4 e5 19. f5 Bh6 20. Rf3 0-0 21. Nd5 Kh8 22. Qc3 Qc6 23. Ra2 Bg7 24. Rh3 Nf6 25. fxg6 fxg6 26. Ne7 Qe8 27. Qxe5 Ng8 28. Qxc5 Qxe7 29. Qxe7 Nxe7 30. b4 Nc6 31. Rd2 Be5 32. Bf3 Rad8 0-1

[Event "HUN-chT2 Toth 1011"]
[Site "Hungary"]
[Date "2011.03.27"]
[Round "7.4"]
[White "Zsiros, Gyorgy"]
[Black "Arbutina, Sinisa"]
[Result "0-1"]
[WhiteElo "1958"]
[BlackElo "2296"]
[PlyCount "40"]
[EventDate "2010.09.12"]
[EventType "team-tourn"]
[EventRounds "11"]
[EventCountry "HUN"]
[SourceTitle "EXT 2012"]
[Source "ChessBase"]
[SourceDate "2011.11.24"]
[SourceVersion "1"]
[SourceVersionDate "2011.11.24"]
[SourceQuality "1"]
[WhiteTeam "Mezobereny"]
[BlackTeam "Roszke"]
[WhiteTeamCountry "HUN"]
[BlackTeamCountry "HUN"]

1. e4 e5 2. Nf3 Nc6 3. d4 exd4 4. Bc4 Bc5 5. c3 d3 6. b4 Bb6 7. a4 a6 8. Qxd3 d6 9. Bf4 Nge7 10. Ng5 0-0 11. Qf3 h6 12. h4 Qe8 13. Qh5 d5 14. Bd3 Ng6 15. g3 f5 16. Qe2 fxe4 17. Nxe4 dxe4 18. Bxe4 Nxf4 19. gxf4 Bf5 20. Bd5+ Kh7 0-1

[Event "HUN-chT2 Toth 1011"]
[Site "Hungary"]
[Date "2010.10.24"]
[Round "4.5"]
[White "Zsiros, Gyorgy"]
[Black "Kemeny, Csaba"]
[Result "1-0"]
[WhiteElo "1958"]
[BlackElo "2014"]
[PlyCount "103"]
[EventDate "2010.09.12"]
[EventType "team-tourn"]
[EventRounds "11"]
[EventCountry "HUN"]
[SourceTitle "EXT 2012"]
[Source "ChessBase"]
[SourceDate "2011.11.24"]
[SourceVersion "1"]
[SourceVersionDate "2011.11.24"]
[SourceQuality "1"]
[WhiteTeam "Mezobereny"]
[BlackTeam "Csongrad Felegyhaza"]
[WhiteTeamCountry "HUN"]
[BlackTeamCountry "HUN"]

1. e4 c5 2. Nf3 Nc6 3. d4 cxd4 4. Nxd4 e5 5. Nb5 d6 6. N1c3 a6 7. Na3 b5 8. Nd5 Nf6 9. Bg5 Be7 10. Bxf6 Bxf6 11. c3 0-0 12. Nc2 Bg5 13. a4 Rb8 14. axb5 axb5 15. Bd3 Be6 16. 0-0 f5 17. Ra6 Qc8 18. Ndb4 Nxb4 19. Nxb4 Be7 20. Nc6 Qxa6 21. Nxe7+ Kf7 22. exf5 Kxe7 23. fxe6 Qc8 24. Qe2 Qxe6 25. Bxb5 Rf6 26. Ra1 Kf8 27. Qh5 Kg8 28. c4 Rbf8 29. f3 e4 30. Bc6 Rf5 31. Qg4 Qxc4 32. Bxe4 Qd4+ 33. Kh1 Qxb2 34. Rb1 Rc5 35. g3 Rc1+ 36. Rxc1 Qxc1+ 37. Kg2 Qb2+ 38. Kh3 Qe5 39. Qd7 Rb8 40. Qc6 Qe6+ 41. g4 Qe5 42. Qc7 Re8 43. Qc4+ Kh8 44. Qf7 Qe6 45. Qb7 h5 46. Bf5 hxg4+ 47. Bxg4 Qe5 48. Qf7 d5 49. Bf5 d4 50. Kg4 Rb8 51. Qh5+ Kg8 52. Bh7+ 1-0

[Event "HUN-chT2 Toth 1011"]
[Site "Hungary"]
[Date "2010.09.26"]
[Round "2.4"]
[White "Kelly, Ladislau Endre"]
[Black "Zsiros, Gyorgy"]
[Result "1-0"]
[WhiteElo "2227"]
[BlackElo "1958"]
[PlyCount "111"]
[EventDate "2010.09.12"]
[EventType "team-tourn"]
[EventRounds "11"]
[EventCountry "HUN"]
[SourceTitle "EXT 2012"]
[Source "ChessBase"]
[SourceDate "2011.11.24"]
[SourceVersion "1"]
[SourceVersionDate "2011.11.24"]
[SourceQuality "1"]
[WhiteTeam "Gyula"]
[BlackTeam "Mezobereny"]
[WhiteTeamCountry "HUN"]
[BlackTeamCountry "HUN"]

1. d4 Nf6 2. Nf3 g6 3. Bf4 Bg7 4. Qc1 c5 5. dxc5 Qa5+ 6. c3 Qxc5 7. Nbd2 d5 8. Nb3 Qb6 9. Be3 Qc7 10. Bh6 0-0 11. Bxg7 Kxg7 12. g3 e5 13. Bg2 Nc6 14. 0-0 Bg4 15. h3 Bxf3 16. Bxf3 e4 17. Bg2 Nh5 18. c4 dxc4 19. Qxc4 e3 20. Qc3+ Qe5 21. Qxe5+ Nxe5 22. Bxb7 Rad8 23. Rac1 exf2+ 24. Kxf2 Rd7 25. Bg2 f5 26. Rfd1 Rxd1 27. Rxd1 Nc4 28. Rd7+ Kh6 29. Rxa7 Nxb2 30. Nd4 Nd1+ 31. Kf3 Re8 32. Ra3 Nb2 33. Ra6 Nc4 34. Nxf5+ Kg5 35. Nd6 Rf8+ 36. Ke4 Nxg3+ 37. Kd3 Ne5+ 38. Kd4 Rf2 39. Ne4+ Nxe4 40. Bxe4 Nd7 41. Bf3 Rh2 42. Rd6 Nf6 43. a4 Rxh3 44. a5 Rh4+ 45. Kc5 Ra4 46. a6 Ne8 47. Rc6 Ra1 48. Be4 Ra2 49. Bd3 Kf4 50. Kb6 Ke5 51. a7 g5 52. Ba6 Rb2+ 53. Bb5 Ra2 54. Rc5+ Kd6 55. Bxe8 Rxa7 56. Rc6+ 1-0

[Event "HUN-chT2 Toth 0910"]
[Site "Hungary"]
[Date "2009.12.06"]
[Round "3.4"]
[White "Zsiros, Gyorgy"]
[Black "Hajagos, Janos"]
[Result "1-0"]
[WhiteElo "1958"]
[BlackElo "2018"]
[PlyCount "67"]
[EventDate "2009.11.08"]
[EventType "team-tourn"]
[EventRounds "11"]
[EventCountry "HUN"]
[SourceTitle "EXT 2011"]
[Source "ChessBase"]
[SourceDate "2010.11.26"]
[SourceVersion "1"]
[SourceVersionDate "2010.11.26"]
[SourceQuality "1"]
[WhiteTeam "Mezobereny"]
[BlackTeam "Takisz"]
[WhiteTeamCountry "HUN"]
[BlackTeamCountry "HUN"]

1. e4 c5 2. Nf3 e6 3. d4 cxd4 4. Nxd4 a6 5. Nc3 Qc7 6. Bd3 Nf6 7. a3 b5 8. Be3 Bb7 9. Qd2 Nc6 10. f3 Rc8 11. Nxc6 Qxc6 12. e5 Ng8 13. Rd1 b4 14. axb4 Bxb4 15. Be4 Bxc3 16. bxc3 Qb5 17. c4 Rxc4 18. Bd3 Bd5 19. Bxc4 Qxc4 20. Rb1 Qc7 21. Qb4 Ne7 22. Qb8+ Qc8 23. Bc5 f6 24. exf6 gxf6 25. Qxc8+ Nxc8 26. Rb8 Kf7 27. Kf2 Re8 28. Ra1 Bc4 29. Rb7 Bb5 30. c4 Bc6 31. Rc7 e5 32. Rxa6 Ke6 33. g4 Ne7 34. Ke3 1-0